[Event "EU Union-ch U12"]
[Site "Kouty nad Desnou"]
[Date "2016.08.13"]
[Round "8"]
[White "Versekenaite, Gabija"]
[Black "Burenkovs, Artjoms"]
[Result "0-1"]
[WhiteElo "1332"]
[BlackElo "1315"]
[PlyCount "110"]
[EventDate "2016.08.06"]
[EventType "swiss"]
[EventRounds "9"]
[EventCountry "CZE"]
[SourceTitle "CBM 174 Extra"]
[Source "ChessBase"]
[SourceDate "2016.10.10"]
[SourceVersion "1"]
[SourceVersionDate "2016.10.10"]
[SourceQuality "1"]

1. e4 c5 2. Nf3 e6 3. c3 d5 4. exd5 Qxd5 5. d4 a6 6. Be3 Nf6 7. dxc5 Qxd1+ 8. Kxd1 Nbd7 9. b4 a5 10. Bb5 Nd5 11. Bd2 Nc7 12. Nd4 e5 13. Re1 Kd8 14. Bxd7 exd4 15. Bxc8 Kxc8 16. cxd4 axb4 17. Bxb4 Ra4 18. a3 Nd5 19. Nc3 Nxc3+ 20. Bxc3 Kd7 21. Kc2 Be7 22. Reb1 Ra7 23. a4 Re8 24. Kd3 Kc6 25. a5 Rd8 26. a6 Bxc5 27. axb7 Rxb7 28. Rxb7 Kxb7 29. Ra5 Bb6 30. Rb5 Kc6 31. Rb1 g6 32. Rd1 Kd5 33. Rb1 Kc6 34. Kc4 Rc8 35. Re1 Kd6+ 36. Kd3 Rxc3+ 37. Kxc3 Ba5+ 38. Kd3 Bxe1 39. Ke2 Ba5 40. Kd3 Kd5 41. f3 Bb6 42. h3 Bxd4 43. Ke2 f5 44. Kf1 h5 45. h4 f4 46. g4 fxg3 47. Kg2 Bf2 48. Kf1 Ke5 49. Kg2 Kd4 50. Kf1 Kd3 51. Kg2 Ke2 52. Kh3 Kf1 53. f4 g2 54. f5 g1Q 55. fxg6 Qg3# 0-1

[Event "EU Union-ch U12"]
[Site "Kouty nad Desnou"]
[Date "2016.08.07"]
[Round "2"]
[White "Ciolacu, Alessia Mihaela"]
[Black "Burenkovs, Artjoms"]
[Result "1-0"]
[WhiteElo "1612"]
[BlackElo "1315"]
[PlyCount "51"]
[EventDate "2016.08.06"]
[EventType "swiss"]
[EventRounds "9"]
[EventCountry "CZE"]
[SourceTitle "CBM 174 Extra"]
[Source "ChessBase"]
[SourceDate "2016.10.10"]
[SourceVersion "1"]
[SourceVersionDate "2016.10.10"]
[SourceQuality "1"]

1. d4 Nf6 2. c4 e5 3. dxe5 Ng4 4. Nf3 Bc5 5. e3 Nc6 6. Be2 Ngxe5 7. Nbd2 0-0 8. 0-0 Re8 9. b3 d6 10. Bb2 Re6 11. Nxe5 Nxe5 12. Ne4 b6 13. Bf3 Qh4 14. Bxe5 Rxe5 15. Nxc5 Rxc5 16. Qd4 Qh6 17. Bxa8 Rh5 18. Qf4 Qg6 19. Be4 Qe6 20. Rad1 h6 21. Rd5 Rxd5 22. Bxd5 Qg6 23. Qe4 Bf5 24. Qe8+ Kh7 25. Bxf7 Qg5 26. Qg8# 1-0